Ľudová výroba na Slovensku

Enregistré dans:
Détails bibliographiques
Auteur principal: Paličková-Pátková, Jarmila
Format: Livre
Langue:slovaque
Publié: Bratislava Veda 1992
Édition:1. vyd.
Collection:Klenotnica Slovenskej ľudovej kultúry Zv.19
Sujets:
Tags: Ajouter un tag
Pas de tags, Soyez le premier à ajouter un tag!

MARC

LEADER 00000nam a2200000 4500
001 c000762
005 20221128073254.9
020 |a 80-224-0097-1 
041 0 |a slo 
044 |a SK 
245 1 0 |a Ľudová výroba na Slovensku  |c Jarmila Paličková-Pátková 
250 |a 1. vyd. 
264 1 |a Bratislava  |b Veda  |c 1992 
300 |a 221 s. 
490 1 |a Klenotnica Slovenskej ľudovej kultúry  |v Zv.19 
830 0 |a Klenotnica Slovenskej ľudovej kultúry  |v Zv.19 
610 2 0 |a výroba remeselná 
610 2 0 |a Slovensko 
610 2 0 |a kultúra 
100 1 |a Paličková-Pátková, Jarmila